Loading...
Philosophy | 0 | 10 | 1 | 1 | 95 | 71 | 106.00 | 1 | 5 |
Literature - British Literature | 0 | 5 | 0 | 0 | 50 | 77 | 107.00 | 1 | 2 |
Literature - American Literature | 0 | 4 | 0 | 0 | 40 | 110 | 118.50 | 1 | 1 |
History - World History | 0 | 5 | 2 | 2 | 40 | 81 | 119.00 | 1 | 1 |
History - American History | 0 | 3 | 3 | 0 | 15 | 102 | 116.67 | 1 | 1 |
Social Science | 0 | 1 | 0 | 0 | 10 | 123 | 123.00 | 0 | 0 |
Mythology | 0 | 1 | 0 | 0 | 10 | 72 | 72.00 | 0 | 1 |
Painting & Sculpture | 0 | 1 | 0 | 0 | 10 | 108 | 108.00 | 0 | 0 |
Religion | 0 | 2 | 2 | 0 | 10 | 99 | 105.00 | 0 | 0 |
Any History | 0 | 1 | 1 | 1 | 5 | 112 | 112.00 | 0 | 0 |
Literature - European Literature | 0 | 0 | 1 | 0 | -5 | 0.00 | 0 | 0 | |
Fine Arts - Other Fine Arts | 0 | 0 | 1 | 0 | -5 | 0.00 | 0 | 0 | |
History - European History | 0 | 0 | 3 | 0 | -15 | 0.00 | 0 | 0 |